000 01402nam a2200229Ia 4500
003 Ost
005 20260416102359.0
008 260416s9999||||xx |||||||||||||| ||und||
040 _cfsecg
041 _aara
082 _a658.8
100 _aبشطولة، خديجة
_eمؤلف
245 0 _a التسويق العملياتي :
_bلطلبة السنة الثالثة ليسانس: تخصص: ادارة أعمال /
_c خديجة بشطولة
260 _aالجزائر
_bجامعة الجزائر3: كلية العلوم الإقتصادية، العلوم التجارية وعلوم التسيير
_c2022
300 _a103 ورقة
_bايضاحات
_c12 سم
504 _aالمراجع ص.100
520 _aمفاهيم أساسية حول التسويق،استراتيجية التسويق: التسويق الاستراتيجي مقابل التسويق العملياتي،تقسيم السوق،الاستهداف / التموضع،المزيج التسويقي وعناصره،استراتيجية المنتج،استراتيجية السعرو التوزيع و الترويج ،المزيج التسويقي الموسع.
653 _aالتسويق
653 _aالمزيج التسويقي
710 _aجامعة الجزائر3: كلية العلوم الإقتصادية، العلوم التجارية وعلوم التسيير
_eناشر علمي
942 _cHANDOUT
999 _c41337
_d41337